Las claves de la economía digital: una reflexión sobre los nuevos retos que deben afrontar las organizaciones en la sociedad de la información (Registro nro. 7293)

Detalles MARC
000 -Cabecera
Campo de control de longitud fija 01127nam a22003617a 4500
005 - Fecha y hora de la última transacción
Campo de control 20250604144135.0
008 - Elementos de longitud fija--Información general
Campo de control de longitud fija 160111b2003 xxu||||| |||| 00| 0 spa d
041 ## - Idioma
Código de idioma
082 ## - Clasificación Decimal Dewey
Número de clasificación 658.403.8 G633c
100 ## - Entrada principal--Autor personal
Nombre personal Gómez Vieites, Álvaro
9 (RLIN) 11
245 ## - Título propiamente dicho
Título Las claves de la economía digital: una reflexión sobre los nuevos retos que deben afrontar las organizaciones en la sociedad de la información
260 ## - Pie de imprenta
Lugar de publicación, distribución, etc. España
260 ## - Pie de imprenta
Nombre del editor, distribuidor, etc. Alfaomega
260 ## - Pie de imprenta
Fecha de publicación, distribución, etc. 2003
300 ## - Descripción física
Extensión 248 páginas
650 ## - Materia general
Temática (materia general) GESTIÓN DE INFORMACIÓN
650 ## - Materia general
Temática (materia general) SISTEMAS DE INFORMACIÓN
650 ## - Materia general
Temática (materia general) ECONOMÍA DIGITAL
650 ## - Materia general
Temática (materia general) SOCIEDAD DE LA INFORMACIÓN
650 ## - Materia general
Temática (materia general) INTERNET UN NUEVO MEDIO DE COMUNICACIÓN
650 ## - Materia general
Temática (materia general) ECONOMÍA DIGITAL
650 ## - Materia general
Temática (materia general) CAPITAL INTELECTUAL
650 ## - Materia general
Temática (materia general) EMPRESA COMO PROCESADOR DE INFORMACIÓN
650 ## - Materia general
Temática (materia general) GESTIÓN DEL CONOCIMIENTO
650 ## - Materia general
Temática (materia general) VALORES TECNOLÓGICOS
650 ## - Materia general
Temática (materia general) DIRECCION DE EMPRESAS
650 ## - Materia general
Temática (materia general) PRODUCTOS DIGITALES
650 ## - Materia general
Temática (materia general) PYMES
650 ## - Materia general
Temática (materia general) PROVEEDORES
650 ## - Materia general
Temática (materia general) GLOBALIZACIÓN
942 ## - Punto de acceso adicional KOHA
Tipo de ítem KOHA Libro
Fuente del sistema de clasificación o colocación Dewey Decimal Classification
Existencias
Signatura completa Código de barras Programa Académico Tipo de ítem
658.403 8 G633c 19901 Dirección y Administración de Empresas Libro